000 00421nam a2200205Ia 4500
001 000779
003 YMCAF
005 20230512160034.0
008 100717s1971 ||||||||||||||||| ||und|d
024 _a779
035 _a761
040 _aYMCAF
_beng
_cIN-KoLT
041 _aeng
082 _aMAC-AUD
100 _aAUDLES
245 0 _aMACHINISTS LIB BASIC MACH.
260 _c1971
300 _a408
942 _2ddc
_cBK
999 _c605
_d605